Six Month in India (Record no. 187073)

000 -LEADER
fixed length control field 00603 a2200169 4500
003 - CONTROL NUMBER IDENTIFIER
control field Nust
005 - DATE AND TIME OF LATEST TRANSACTION
control field 20170207153455.0
040 ## - CATALOGING SOURCE
Transcribing agency Nust
082 ## - DEWEY DECIMAL CLASSIFICATION NUMBER
Classification number 915.4
100 ## - MAIN ENTRY--PERSONAL NAME
Personal name Carpenter, Mary
245 ## - TITLE STATEMENT
Title Six Month in India
Statement of responsibility, etc. Mary Carpenter
260 ## - PUBLICATION, DISTRIBUTION, ETC.
Place of publication, distribution, etc. London
Name of publisher, distributor, etc. Longman
Date of publication, distribution, etc. 1868
300 ## - PHYSICAL DESCRIPTION
Extent 298; pages.
505 ## - FORMATTED CONTENTS NOTE
Formatted contents note The Outward Voyage (Page-5) Ahmadabad and Institutions (Page-39) Seurat, Mom bay and Poona (Page-83) Madras (Page-127) Calcutta (Page-164) The Suburbs of Calcutta (Page-223) Farewell to Calcutta –Madras – Calicut (Page-271)
538 ## - SYSTEM DETAILS NOTE
System details note Almirah No.60 Shelf No.1
650 ## - SUBJECT ADDED ENTRY--TOPICAL TERM
Topical term or geographic name entry element Geography
942 ## - ADDED ENTRY ELEMENTS (KOHA)
Source of classification or shelving scheme
Koha item type Book
Holdings
Withdrawn status Lost status Source of classification or shelving scheme Damaged status Not for loan Collection code Permanent Location Current Location Date acquired Total Checkouts Full call number Barcode Date last seen Price effective from Koha item type
            Military College of Signals (MCS) Military College of Signals (MCS) 12/12/2016   915.4 CAR MCS29062 12/08/2016 12/12/2016 Book
© 2023 Central Library, National University of Sciences and Technology. All Rights Reserved.